Most Popular Airplane Companies - Statistics

General Stats
  • This quiz has been taken 1,043 times
    1,031 since last reset
  • The average score is 5 of 10
Answer Stats
Passengers Flown Answer % Correct
146.5 Million American Airlines
87%
138.8 Million Delta Airlines
79%
95.4 Million United Airlines
77%
144.6 Million Southwest Airlines
55%
101.4 Million Ryanair
48%
58.6 Million Air China
33%
70.2 Million Easyjet
29%
60.2 Million Turkish Airlines
24%
109.3 Million China Southern Airlines
20%
75.1 Million China Eastern Airlines
19%
No matching quizzes found
Score Distribution
Percent of People with Each Score
Percentile by Number Answered
Your Score History
You have not taken this quiz since the last reset